000 00312nam a2200109Ia 4500
008 160531s9999 xx 000 0 und d
100 _aMesquita, Amir Zacarias.
245 _aNuclear Reactors
245 _cby Amir Zacarias Mesquita
260 _c2012
856 _uhttp://www.intechopen.com/books/nuclear-reactors
999 _c295236
_d295236